TV Show by Actor Match II Quiz Stats

 Plays Quiz Updated Jan 7, 2016

Challenge
Share
Tweet
Embed
Score 0/30 Timer 06:00
1 Play Today
% Correct
The Office (US)
92.6%
House, M.D.
92.4%
24
90.4%
Breaking Bad
88%
Scrubs
82.6%
Game of Thrones
80.8%
Veep
80.1%
Brooklyn Nine-Nine
77.8%
The Good Wife
74.4%
Law & Order: SVU
71.5%
Dexter
71.1%
Empire
68%
Lost
67.5%
True Blood
67.5%
Bones
67.1%
% Correct
Mom
66.2%
The Closer
65.1%
Weeds
64.4%
Madam Secretary
64.3%
The Odd Couple (2015)
62.9%
It's Always Sunny in Philadelphia
59.2%
Orange is the New Black
53.1%
Transparent
53%
Entourage
48.9%
Lie to Me
46%
White Collar
42.2%
The Blacklist
34%
Suits
33.6%
Fringe
32%
Damages
29.3%

You're not logged in!

Compare scores with friends on all Sporcle quizzes.
OR
Log In

You Might Also Like...

Show Comments

Extras

Top Quizzes Today


Score Distribution

Your Account Isn't Verified!

In order to create a playlist on Sporcle, you need to verify the email address you used during registration. Go to your Sporcle Settings to finish the process.

Report this User

Report this user for behavior that violates our Community Guidelines.

Details: